ČSSR - federatívny socialistický štát

Saved in:
Bibliographic Details
Main Author: Chovanec, Jaroslav
Format: Book
Language:Slovak
Published: Bratislava Slovenské pedagogické nakladateľstvo 1969
Tags: Add Tag
No Tags, Be the first to tag this record!

MARC

LEADER 00000nam a2200000 4500
001 c122434
005 20041019155225.3
041 0 |a slo 
044 |a SK 
245 1 0 |a ČSSR - federatívny socialistický štát  |c Jaroslav Chovanec 
264 1 |a Bratislava  |b Slovenské pedagogické nakladateľstvo  |c 1969 
300 |a 139 s. 
100 1 |a Chovanec, Jaroslav